000 00323nam a22001457a 4500
008 210302b ||||| |||| 00| 0 eng d
020 _abk4033d
041 _aeng
080 _a579
082 _a579
100 _a11
101 _aMIK
245 _aUsmle Step 1 Immunology and Microbiology
_cHawley, L
942 _2udc
_cBK
999 _c55490
_d55490